| 000 | 00372nam a22001457a 4500 | ||
|---|---|---|---|
| 999 |
_c197284 _d197284 |
||
| 008 | 230821b ||||| |||| 00| 0 eng d | ||
| 082 | _aS-RAO | ||
| 100 | _aRao, A.Rajaram | ||
| 245 |
_aFour Stories from Shakespeare _hEnglish |
||
| 260 |
_aDelhi _bA.I.C.B. _cRohini |
||
| 270 | _aA.I.C.B. Rohini, Delhi | ||
| 300 | _a12x13 | ||
| 490 | _v1 | ||
| 942 |
_2ddc _cBRLEN _kS _mRAO |
||